Summer Olympics host Megacities - Statistics

General Stats
  • This quiz has been taken 54 times
  • The average score is 8 of 9
Answer Stats
Answer % Correct
London
100%
Beijing
98%
Los Angeles
98%
Tokyo
98%
Paris
96%
Rio de Janeiro
93%
Moscow
89%
Seoul
82%
Mexico City
80%
No matching quizzes found
Score Distribution
Percent of People with Each Score
Percentile by Number Answered
Your Score History
You have not taken this quiz